[Event "Niederbayern-ch Seniors 47th"]
[Site "Aidenbach"]
[Date "2006.04.22"]
[Round "7"]
[White "Bilyavskyy, Borys"]
[Black "Kodalle, Alfred"]
[Result "1-0"]
[WhiteElo "1796"]
[BlackElo "1517"]
[PlyCount "53"]
[EventDate "2006.04.18"]
[EventType "swiss"]
[EventRounds "7"]
[EventCountry "GER"]
[SourceTitle "EXT 2007"]
[Source "ChessBase"]
[SourceDate "2006.11.23"]
[SourceVersion "1"]
[SourceVersionDate "2006.11.23"]
[SourceQuality "1"]

1. e4 d6 2. d4 g6 3. Nf3 Bg7 4. Be2 Nd7 5. c3 Nb6 6. h3 Nf6 7. Qc2 0-0 8. Be3 Nfd7 9. g4 e5 10. d5 Re8 11. Nbd2 Nf6 12. Nh2 Bd7 13. g5 Nh5 14. Bxh5 gxh5 15. Qd1 c6 16. c4 cxd5 17. cxd5 Rc8 18. Qxh5 Nc4 19. Ng4 Nxb2 20. Nh6+ Bxh6 21. gxh6 Nd3+ 22. Kf1 Kh8 23. Bg5 f6 24. Qf7 Bxh3+ 25. Rxh3 Qe7 26. Bxf6+ Qxf6 27. Qxf6+ 1-0

[Event "Chiemgau Seniors Cup 1st"]
[Site "Bergen"]
[Date "2005.10.19"]
[Round "9"]
[White "Breitfuss, Joachim"]
[Black "Kodalle, Alfred"]
[Result "1-0"]
[WhiteElo "1389"]
[BlackElo "1623"]
[PlyCount "111"]
[EventDate "2005.10.11"]
[EventType "swiss"]
[EventRounds "9"]
[EventCountry "GER"]
[SourceTitle "EXT 2007"]
[Source "ChessBase"]
[SourceDate "2006.11.23"]
[SourceVersion "1"]
[SourceVersionDate "2006.11.23"]
[SourceQuality "1"]

1. d4 Nf6 2. c4 g6 3. Nc3 Bg7 4. e4 0-0 5. f3 d6 6. Be3 c6 7. Nge2 Na6 8. g4 e5 9. d5 cxd5 10. cxd5 Bd7 11. Ng3 h5 12. gxh5 gxh5 13. h4 Kh7 14. Qd2 Nc5 15. Bh3 b5 16. Bxd7 Qxd7 17. Nf5 Rg8 18. Bh6 Kh8 19. Bxg7+ Rxg7 20. Qh6+ Rh7 21. Qxf6+ Kg8 22. Rg1+ Kf8 23. Rg7 Rh8 24. 0-0-0 Ne6 25. dxe6 Qxe6 26. Qxe6 fxe6 27. Re7 exf5 28. Rb7 fxe4 29. fxe4 Rh6 30. Nxb5 Rf6 31. Rh7 Rc8+ 32. Kb1 Kg8 33. Rxh5 Rg6 34. Nxd6 Rd8 35. Rg5 Kh7 36. Rxg6 Kxg6 37. Rd5 Kf6 38. Nc4 Rh8 39. Nxe5 Rxh4 40. Nd7+ Ke6 41. Nc5+ Ke7 42. Rd7+ Ke8 43. Rxa7 Rh5 44. b4 Kd8 45. a4 Rh2 46. b5 Kc8 47. a5 Rh5 48. Ra6 Kb8 49. Rc6 Rh2 50. a6 Rd2 51. e5 Rd4 52. Ka2 Rb4 53. b6 Rd4 54. e6 Rd2+ 55. Kb3 Re2 56. Nd7+ 1-0

[Event "Chiemgau Seniors Cup 1st"]
[Site "Bergen"]
[Date "2005.10.14"]
[Round "4"]
[White "Kodalle, Alfred"]
[Black "Harke, Horst"]
[Result "0-1"]
[WhiteElo "1623"]
[BlackElo "1949"]
[PlyCount "146"]
[EventDate "2005.10.11"]
[EventType "swiss"]
[EventRounds "9"]
[EventCountry "GER"]
[SourceTitle "EXT 2007"]
[Source "ChessBase"]
[SourceDate "2006.11.23"]
[SourceVersion "1"]
[SourceVersionDate "2006.11.23"]
[SourceQuality "1"]

1. e4 c6 2. d4 d5 3. exd5 cxd5 4. c4 e6 5. Nf3 Nf6 6. Nc3 Bb4 7. Qa4+ Nc6 8. Bd2 0-0 9. Qb3 Re8 10. Be2 Bxc3 11. Bxc3 Ne4 12. 0-0 dxc4 13. Qxc4 Qd5 14. Rad1 Qxc4 15. Bxc4 Nd6 16. Bb3 Ne4 17. Bc2 Nxc3 18. bxc3 Ne7 19. Rb1 b6 20. Rfe1 Ba6 21. Bb3 Rac8 22. Rbc1 Bc4 23. Nd2 Bxb3 24. axb3 Red8 25. Nf3 Rc7 26. c4 Kf8 27. g3 Rdc8 28. Rcd1 Re8 29. Re2 Nc6 30. Rde1 Rce7 31. Kf1 Nb4 32. Rd2 f6 33. c5 bxc5 34. dxc5 Rc8 35. Re4 a5 36. Nd4 Kf7 37. Nc2 Nxc2 38. Rxc2 Rec7 39. Rec4 Rc6 40. Ke2 e5 41. h4 f5 42. Ke3 Ke6 43. f4 Rd8 44. Rd2 Rxd2 45. Kxd2 Kd5 46. fxe5 Kxe5 47. b4 axb4 48. Rxb4 Kd5 49. Rb7 Rg6 50. Rc7 Rxg3 51. Ke2 h5 52. Kf2 Rg4 53. Kf3 g6 54. Rc8 Rxh4 55. Rg8 Rg4 56. Rc8 h4 57. c6 Kd6 58. c7 Kd7 59. Re8 Kxc7 60. Re7+ Kd6 61. Re1 g5 62. Re8 Ra4 63. Kg2 g4 64. Re2 Re4 65. Rd2+ Ke5 66. Rd1 f4 67. Rd8 h3+ 68. Kh2 Re2+ 69. Kg1 f3 70. Kf1 Ra2 71. Kg1 Kf4 72. Rd1 Re2 73. Kf1 h2 0-1

[Event "Chiemgau Seniors Cup 1st"]
[Site "Bergen"]
[Date "2005.10.12"]
[Round "2"]
[White "Sagstetter, Karl"]
[Black "Kodalle, Alfred"]
[Result "1-0"]
[WhiteElo "1304"]
[BlackElo "1623"]
[PlyCount "119"]
[EventDate "2005.10.11"]
[EventType "swiss"]
[EventRounds "9"]
[EventCountry "GER"]
[SourceTitle "EXT 2007"]
[Source "ChessBase"]
[SourceDate "2006.11.23"]
[SourceVersion "1"]
[SourceVersionDate "2006.11.23"]
[SourceQuality "1"]

1. e4 d6 2. c3 Nf6 3. d3 e5 4. h3 Be7 5. g4 h6 6. Be3 c5 7. c4 Nc6 8. Nc3 Bd7 9. Nge2 Nh7 10. Ng3 Nd4 11. Nd5 Ng5 12. Bxd4 cxd4 13. h4 Nh7 14. Nxe7 Kxe7 15. Be2 Qc8 16. b3 a5 17. a4 Nf6 18. f3 g5 19. Kf2 Qc5 20. Qd2 Nh7 21. Rh2 Rhg8 22. hxg5 Nxg5 23. Rxh6 Raf8 24. Rah1 Kd8 25. Nh5 Ne6 26. Nf6 Rg7 27. Rh8 Rxh8 28. Rxh8+ Kc7 29. Nd5+ Kc6 30. Ne7+ Kb6 31. Nf5 Rg6 32. Rh7 Ng5 33. Rh5 Ne6 34. Ne7 Rf6 35. Nd5+ Qxd5 36. cxd5 Nf4 37. g5 Rg6 38. Rh6 Nh3+ 39. Rxh3 Bxh3 40. f4 Rg7 41. Kg3 Bd7 42. f5 Rh7 43. Bf3 Ka6 44. Kg4 b6 45. Qc2 Kb7 46. Qb2 Rh8 47. b4 Ka6 48. b5+ Kb7 49. Qa3 Kc7 50. Qc1+ Kb7 51. Kg3 Rh7 52. Bg4 Rh8 53. f6 Rc8 54. Qd2 Bxg4 55. Kxg4 Rg8 56. Kf5 Rh8 57. Qg2 Rh4 58. Qg3 Rh1 59. g6 Rf1+ 60. Kg5 1-0

[Event "Bayern-ch Seniors 17th"]
[Site "Schloss Schney"]
[Date "2005.06.18"]
[Round "9"]
[White "Pietruske, Siegfried"]
[Black "Kodalle, Alfred"]
[Result "1-0"]
[WhiteElo "1795"]
[BlackElo "1623"]
[PlyCount "39"]
[EventDate "2005.06.10"]
[EventType "swiss"]
[EventRounds "9"]
[EventCountry "GER"]
[SourceTitle "EXT 2006"]
[Source "ChessBase"]
[SourceDate "2005.11.24"]
[SourceVersion "1"]
[SourceVersionDate "2005.11.24"]
[SourceQuality "1"]

1. e4 d6 2. d4 Nf6 3. Nc3 g6 4. f3 Bg7 5. Be3 0-0 6. Qd2 c6 7. g4 e5 8. 0-0-0 Qc7 9. h4 exd4 10. Bxd4 Nbd7 11. Be2 Ne8 12. Bxg7 Kxg7 13. h5 Rh8 14. hxg6 hxg6 15. Rxh8 Kxh8 16. Qh6+ Kg8 17. Nh3 Ng7 18. Ng5 d5 19. Rh1 Nf6 20. Qh8# 1-0

[Event "Bayern-ch Seniors 17th"]
[Site "Schloss Schney"]
[Date "2005.06.14"]
[Round "5"]
[White "Kodalle, Alfred"]
[Black "Ganslmayer, Herbert"]
[Result "1-0"]
[WhiteElo "1623"]
[BlackElo "1773"]
[PlyCount "143"]
[EventDate "2005.06.10"]
[EventType "swiss"]
[EventRounds "9"]
[EventCountry "GER"]
[SourceTitle "EXT 2006"]
[Source "ChessBase"]
[SourceDate "2005.11.24"]
[SourceVersion "1"]
[SourceVersionDate "2005.11.24"]
[SourceQuality "1"]

1. e4 g6 2. c3 Bg7 3. d4 Nf6 4. Nd2 0-0 5. Ngf3 d6 6. Be2 Bg4 7. 0-0 Nc6 8. Re1 e5 9. d5 Ne7 10. h3 Bxf3 11. Bxf3 c6 12. c4 a6 13. Rb1 cxd5 14. cxd5 Nd7 15. Qb3 Nc5 16. Qa3 b5 17. Nf1 f5 18. b4 Na4 19. Bd2 Nb6 20. Qb3 Nc4 21. a4 Nxd2 22. Nxd2 fxe4 23. Bxe4 bxa4 24. Qxa4 Qb6 25. Nf3 Rfc8 26. Qd7 Ra7 27. Qe6+ Kh8 28. Ng5 Rf8 29. Nf7+ Rxf7 30. Qxf7 Ng8 31. Qe8 Qd4 32. Rbc1 Re7 33. Qd8 Rf7 34. Bf3 Qxb4 35. Rb1 Qd2 36. Red1 Qf4 37. Qxd6 Bf8 38. Qb8 Nf6 39. Re1 Nd7 40. Qb2 Bd6 41. Re4 Qg5 42. Rg4 Qf6 43. Qc2 Nc5 44. Be4 Kg7 45. Rf1 Nxe4 46. Rxe4 Rc7 47. Qd2 Bc5 48. Qb2 Bd4 49. Qb8 Qd6 50. Re2 a5 51. Rc2 Bc5 52. Rfc1 Bxf2+ 53. Kh1 Rxc2 54. Qb7+ Kh6 55. Rxc2 Bg3 56. Rc7 Kg5 57. Rxh7 Qf6 58. Qe7 Qxe7 59. Rxe7 Kf6 60. Re6+ Kf5 61. Ra6 Be1 62. g4+ Ke4 63. d6 Bb4 64. d7 Be7 65. Rxa5 Kf4 66. Kg2 e4 67. Kf2 Bh4+ 68. Ke2 Kg3 69. Re5 Kxh3 70. Rxe4 Kg3 71. Re3+ Kxg4 72. Re4+ 1-0

[Event "Niederbayern-ch Seniors 46th"]
[Site "Vilshofen"]
[Date "2005.??.??"]
[Round "5"]
[White "Kodalle, Alfred"]
[Black "Reisinger, Georg"]
[Result "1/2-1/2"]
[WhiteElo "1550"]
[BlackElo "1756"]
[PlyCount "146"]
[EventDate "2005.03.29"]
[EventType "swiss"]
[EventRounds "7"]
[EventCountry "GER"]
[SourceTitle "EXT 2007"]
[Source "ChessBase"]
[SourceDate "2006.11.23"]
[SourceVersion "1"]
[SourceVersionDate "2006.11.23"]
[SourceQuality "1"]

1. e4 c5 2. Nf3 d6 3. d4 cxd4 4. Nxd4 Nf6 5. Nc3 a6 6. Be2 e6 7. 0-0 Be7 8. Be3 0-0 9. h3 Nc6 10. a3 Bd7 11. b4 Nxd4 12. Bxd4 Rc8 13. e5 dxe5 14. Bxe5 Bc6 15. Qe1 Qe8 16. Rd1 Nd5 17. Nxd5 Bxd5 18. Bd3 Qc6 19. f3 f5 20. Qg3 Bf6 21. Bxf6 Rxf6 22. Kh2 Qc3 23. Ra1 Qd2 24. Qf2 Qf4+ 25. Qg3 Qd2 26. Qf2 Qh6 27. Rae1 Qf4+ 28. Qg3 Qxg3+ 29. Kxg3 Rg6+ 30. Kf2 Rc3 31. Ra1 Bc4 32. Rfe1 Bxd3 33. cxd3 Rxd3 34. Re2 Kf7 35. Rc2 b5 36. Raa2 Rd6 37. Rc7+ Kf6 38. Rc8 e5 39. Rac2 Kg5 40. g3 Rd3 41. R8c3 Rgd6 42. Ke2 Rxc3 43. h4+ Kh5 44. Rxc3 g5 45. Rc5 Re6 46. hxg5 Kxg5 47. Ke3 h5 48. Rd5 e4 49. Rd8 exf3+ 50. Kxf3 Rc6 51. Rd3 Rc4 52. Rb3 h4 53. gxh4+ Rxh4 54. Kg2 f4 55. Rc3 Rh6 56. Rc5+ Kg4 57. Rc8 f3+ 58. Kg1 Rf6 59. Kf2 Kf4 60. Re8 Rc6 61. Rf8+ Kg4 62. Rg8+ Kh3 63. Rg3+ Kh4 64. Rxf3 Kg4 65. Rb3 Kf4 66. Rf3+ Ke4 67. Rh3 Kd4 68. Ke2 Rc2+ 69. Kd1 Rc3 70. Rh4+ Ke5 71. Rh5+ Kf4 72. a4 bxa4 73. Ra5 Rc5 1/2-1/2

[Event "Niederbayern-ch Seniors 46th"]
[Site "Vilshofen"]
[Date "2005.??.??"]
[Round "3"]
[White "Kodalle, Alfred"]
[Black "Schubert, Heinz"]
[Result "1-0"]
[WhiteElo "1550"]
[BlackElo "1578"]
[PlyCount "51"]
[EventDate "2005.03.29"]
[EventType "swiss"]
[EventRounds "7"]
[EventCountry "GER"]
[SourceTitle "EXT 2007"]
[Source "ChessBase"]
[SourceDate "2006.11.23"]
[SourceVersion "1"]
[SourceVersionDate "2006.11.23"]
[SourceQuality "1"]

1. e4 e6 2. d4 d5 3. Nc3 Bb4 4. e5 c5 5. a3 cxd4 6. axb4 dxc3 7. bxc3 Qc7 8. Nf3 Qxc3+ 9. Bd2 Qc7 10. c4 dxc4 11. Rc1 b5 12. Bd3 Nd7 13. Bf4 Ne7 14. Be4 Bb7 15. Bxb7 Qxb7 16. 0-0 Ng6 17. Bg3 Rd8 18. Qe2 Nb6 19. h4 Nd5 20. h5 Ngf4 21. Qe4 Nxh5 22. Bh4 Rd7 23. Qg4 g6 24. Rcd1 Ng7 25. Qe4 Nc3 26. Qxb7 1-0

[Event "Bad Griesbach Seniors op 7th"]
[Site "Bad Griesbach"]
[Date "2004.12.11"]
[Round "7"]
[White "Heuberger, Josef"]
[Black "Kodalle, Alfred"]
[Result "1/2-1/2"]
[WhiteElo "1406"]
[BlackElo "1497"]
[PlyCount "141"]
[EventDate "2004.12.05"]
[EventType "swiss"]
[EventRounds "7"]
[EventCountry "GER"]
[SourceTitle "EXT 2006"]
[Source "ChessBase"]
[SourceDate "2005.11.24"]
[SourceVersion "1"]
[SourceVersionDate "2005.11.24"]
[SourceQuality "1"]

1. d4 Nf6 2. c4 g6 3. Nc3 Bg7 4. e4 0-0 5. Nf3 d6 6. Be2 Nbd7 7. 0-0 c6 8. Bg5 Qc7 9. Qd2 Re8 10. Rac1 a6 11. Rfd1 Nf8 12. h3 Bd7 13. e5 dxe5 14. dxe5 Nh5 15. g4 Rad8 16. Qe3 f6 17. Bh6 Bxh6 18. Qxh6 Ng7 19. exf6 exf6 20. Bf1 Bc8 21. Re1 Qf7 22. Rxe8 Rxe8 23. Qd2 Be6 24. b3 g5 25. Re1 h5 26. Nh2 hxg4 27. Nxg4 Bxg4 28. hxg4 Rxe1 29. Qxe1 Qd7 30. f3 Ng6 31. Ne4 Kf7 32. c5 Qd4+ 33. Kh1 Nh4 34. Nd6+ Kf8 35. Bg2 Nxg2 36. Kxg2 b6 37. b4 bxc5 38. bxc5 Qxc5 39. Ne4 Qc2+ 40. Kg3 Qb2 41. Qd1 Qe5+ 42. Kg2 Ne6 43. Kf1 Nd4 44. Kg2 c5 45. Qd3 Ne6 46. Qd6+ Qxd6 47. Nxd6 Ke7 48. Nc4 Nd4 49. Kf2 Ke6 50. Ke3 Kd5 51. Kd3 Nxf3 52. Ne3+ Kc6 53. a4 Ne5+ 54. Ke4 Kb6 55. Kf5 c4 56. Kxf6 Nxg4+ 57. Nxg4 c3 58. Ne3 g4 59. Nd5+ Ka5 60. Nxc3 g3 61. Ke5 g2 62. Ne2 Kxa4 63. Ke4 Kb3 64. Kf3 g1Q 65. Nxg1 a5 66. Ne2 a4 67. Nd4+ Kc4 68. Ke3 a3 69. Kd2 a2 70. Nc2 Kb3 71. Kc1 1/2-1/2

[Event "Bad Griesbach Seniors op 7th"]
[Site "Bad Griesbach"]
[Date "2004.12.10"]
[Round "6"]
[White "Kodalle, Alfred"]
[Black "Deser, Gustav"]
[Result "1-0"]
[WhiteElo "1497"]
[BlackElo "1358"]
[PlyCount "58"]
[EventDate "2004.12.05"]
[EventType "swiss"]
[EventRounds "7"]
[EventCountry "GER"]
[SourceTitle "EXT 2006"]
[Source "ChessBase"]
[SourceDate "2005.11.24"]
[SourceVersion "1"]
[SourceVersionDate "2005.11.24"]
[SourceQuality "1"]

1. e4 e6 2. d4 d5 3. Nc3 Bb4 4. e5 c5 5. Nf3 Nc6 6. Bb5 Bd7 7. 0-0 Nge7 8. Bg5 h6 9. Bxe7 Qxe7 10. a3 Ba5 11. Ne2 a6 12. Bxc6 Bxc6 13. dxc5 Bc7 14. b4 0-0 15. c3 a5 16. Nfd4 Bd7 17. Qc2 f6 18. h4 Qf7 19. f4 f5 20. Rf3 Bd8 21. Rh3 g5 22. Nf3 g4 23. Rg3 Kh7 24. Nd2 Rg8 25. b5 Bxh4 26. Re3 Rac8 27. g3 Be7 28. c6 bxc6 29. bxc6 Bxc6 1-0

[Event "Bayern-ch Seniors 16th"]
[Site "Schloss Schney"]
[Date "2004.06.14"]
[Round "9"]
[White "Baumann, Walter"]
[Black "Kodalle, Alfred"]
[Result "1-0"]
[WhiteElo "1691"]
[BlackElo "1489"]
[PlyCount "131"]
[EventDate "2004.06.06"]
[EventType "swiss"]
[EventRounds "9"]
[EventCountry "GER"]
[SourceTitle "EXT 2006"]
[Source "ChessBase"]
[SourceDate "2005.11.24"]
[SourceVersion "1"]
[SourceVersionDate "2005.11.24"]
[SourceQuality "1"]

1. d4 Nf6 2. Nf3 g6 3. c4 d6 4. Nc3 Bg7 5. g3 0-0 6. Bg2 Nbd7 7. 0-0 a6 8. h3 c6 9. e4 Qc7 10. Be3 Rb8 11. Rc1 Ne8 12. Qd2 e5 13. d5 c5 14. Bh6 b5 15. cxb5 axb5 16. a3 Qa5 17. Ne2 Qb6 18. Bxg7 Kxg7 19. Ne1 Ba6 20. b4 c4 21. Kh2 Nef6 22. f4 Rbe8 23. f5 Rh8 24. Bf3 Reg8 25. Ng2 Kf8 26. g4 g5 27. Ng3 Ke7 28. Ne3 Qd8 29. Rc3 Qf8 30. a4 h5 31. axb5 Bxb5 32. gxh5 Nxh5 33. Nxh5 Nf6 34. Nxf6 Kxf6 35. Ng4+ Ke7 36. Qa2 f6 37. Qa7+ Ke8 38. Qb8+ Kf7 39. Qxf8+ Rxf8 40. Ra1 Ra8 41. Rca3 Rxa3 42. Rxa3 Rd8 43. Rc3 Ra8 44. Ne3 Ke7 45. Be2 Ra2 46. Rc2 Ra4 47. Bxc4 Rxb4 48. Bxb5 Rxb5 49. Kg3 Kd7 50. Kg4 Rb4 51. Rc4 Rb3 52. Kf3 Ra3 53. Rb4 Kc7 54. Rb2 Ra4 55. h4 Ra3 56. hxg5 fxg5 57. Rg2 Kb6 58. Rxg5 Kc5 59. Rg1 Kd4 60. Rd1+ Kc3 61. f6 Ra8 62. Kg4 Rg8+ 63. Kf5 Rg3 64. Ke6 Rxe3 65. Rf1 Kd4 66. f7 1-0

[Event "Bayern-ch Seniors 16th"]
[Site "Schloss Schney"]
[Date "2004.06.11"]
[Round "6"]
[White "Schirner, Ludwig"]
[Black "Kodalle, Alfred"]
[Result "1/2-1/2"]
[WhiteElo "1556"]
[BlackElo "1489"]
[PlyCount "80"]
[EventDate "2004.06.06"]
[EventType "swiss"]
[EventRounds "9"]
[EventCountry "GER"]
[SourceTitle "EXT 2006"]
[Source "ChessBase"]
[SourceDate "2005.11.24"]
[SourceVersion "1"]
[SourceVersionDate "2005.11.24"]
[SourceQuality "1"]

1. e4 d6 2. f4 g6 3. Nf3 Bg4 4. h3 Bxf3 5. Qxf3 Nc6 6. c3 a6 7. Bc4 e6 8. 0-0 Nf6 9. d3 Na5 10. Nd2 Bg7 11. a3 Nxc4 12. Nxc4 b5 13. Ne3 0-0 14. d4 Rc8 15. e5 dxe5 16. fxe5 Nd5 17. Nxd5 Qxd5 18. Qxd5 exd5 19. Bg5 Rce8 20. Rf3 h6 21. Bf6 Re6 22. Raf1 c6 23. h4 h5 24. Bxg7 Kxg7 25. Rf6 a5 26. b4 a4 27. Kh2 Rxf6 28. Rxf6 Rc8 29. Kg3 Rc7 30. Kf4 Kh6 31. g4 hxg4 32. Kxg4 Kg7 33. Kg5 Kh7 34. h5 gxh5 35. Kxh5 Kg7 36. Kg5 Kh7 37. e6 fxe6 38. Rxe6 Kg7 39. Kf5 Kf7 40. Ke5 Re7 1/2-1/2

[Event "Bayern-ch Seniors 16th"]
[Site "Schloss Schney"]
[Date "2004.06.10"]
[Round "5"]
[White "Kodalle, Alfred"]
[Black "Salomon, Heide"]
[Result "0-1"]
[WhiteElo "1489"]
[BlackElo "1579"]
[PlyCount "126"]
[EventDate "2004.06.06"]
[EventType "swiss"]
[EventRounds "9"]
[EventCountry "GER"]
[SourceTitle "EXT 2006"]
[Source "ChessBase"]
[SourceDate "2005.11.24"]
[SourceVersion "1"]
[SourceVersionDate "2005.11.24"]
[SourceQuality "1"]

1. e4 e5 2. d4 exd4 3. Qxd4 Nc6 4. Qe3 Bb4+ 5. Bd2 Qe7 6. Nc3 Nf6 7. 0-0-0 0-0 8. Bd3 d6 9. h3 Bc5 10. Qg3 Nh5 11. Qf3 Qe5 12. Nge2 g6 13. g4 Qf6 14. Qxf6 Nxf6 15. f4 a6 16. f5 Ne5 17. Bh6 Re8 18. Bg5 Nxd3+ 19. cxd3 Nd7 20. Nd5 Bb6 21. fxg6 hxg6 22. Rdf1 c6 23. Nxb6 Nxb6 24. Rf6 Be6 25. b3 d5 26. Nc3 dxe4 27. dxe4 Nd7 28. Rff1 Ne5 29. Rh2 Rac8 30. Rd2 b5 31. Bf6 Nd7 32. g5 Nb6 33. h4 Bg4 34. Kb2 Bh5 35. Rf4 b4 36. Nd1 c5 37. Rd6 Rb8 38. Ne3 Rec8 39. Ng4 Bxg4 40. Rxg4 c4 41. h5 c3+ 42. Kc2 a5 43. hxg6 fxg6 44. Rh4 Rf8 45. Re6 Rb7 46. Rh8+ Kf7 47. Rh7+ Kxe6 48. Rxb7 Nd7 49. Ra7 Nxf6 50. gxf6 Rxf6 51. Rxa5 Rf2+ 52. Kc1 Re2 53. Ra6+ Ke5 54. Rxg6 Rxa2 55. Rb6 Kxe4 56. Rxb4+ Kd3 57. Ra4 Rh2 58. Kb1 Rh1+ 59. Ka2 c2 60. Rc4 c1Q 61. Rd4+ Ke2 62. Re4+ Kd3 63. Rd4+ Kxd4 0-1

[Event "Bad Griesbach Seniors op 6th"]
[Site "Bad Griesbach"]
[Date "2003.12.06"]
[Round "7"]
[White "Kodalle, Alfred"]
[Black "Moesche, Karl Heinz"]
[Result "1-0"]
[WhiteElo "1529"]
[BlackElo "1510"]
[PlyCount "43"]
[EventDate "2003.11.30"]
[EventType "swiss"]
[EventRounds "7"]
[EventCountry "GER"]
[SourceTitle "EXT 2006"]
[Source "ChessBase"]
[SourceDate "2005.11.24"]
[SourceVersion "1"]
[SourceVersionDate "2005.11.24"]
[SourceQuality "1"]

1. e4 c5 2. Nf3 Nc6 3. d4 cxd4 4. Nxd4 e6 5. c3 Nf6 6. Bd3 Ne5 7. 0-0 Nxd3 8. Qxd3 Bc5 9. e5 Nd5 10. Qg3 Kf8 11. Nd2 f5 12. f4 d6 13. N2f3 Qe7 14. Kh1 Bd7 15. Bd2 Qf7 16. b4 Bxd4 17. cxd4 Bb5 18. Rfc1 Ke7 19. a4 Be2 20. exd6+ Kxd6 21. Ne5 Qf6 22. b5 1-0

[Event "Bad Griesbach Seniors op 6th"]
[Site "Bad Griesbach"]
[Date "2003.12.05"]
[Round "6"]
[White "Rohrbach, Hans Guenther"]
[Black "Kodalle, Alfred"]
[Result "0-1"]
[WhiteElo "1402"]
[BlackElo "1529"]
[PlyCount "26"]
[EventDate "2003.11.30"]
[EventType "swiss"]
[EventRounds "7"]
[EventCountry "GER"]
[SourceTitle "EXT 2006"]
[Source "ChessBase"]
[SourceDate "2005.11.24"]
[SourceVersion "1"]
[SourceVersionDate "2005.11.24"]
[SourceQuality "1"]

1. c4 Nf6 2. Nc3 d6 3. d4 g6 4. e4 Bg7 5. Bd3 0-0 6. Nge2 a6 7. 0-0 Nc6 8. h3 Bd7 9. a3 Na7 10. Be3 Qc8 11. f4 Bxh3 12. gxh3 Qxh3 13. Kf2 Ng4+ 0-1

[Event "Bad Griesbach Seniors op 6th"]
[Site "Bad Griesbach"]
[Date "2003.12.02"]
[Round "3"]
[White "Kodalle, Alfred"]
[Black "Sierian, Peter"]
[Result "0-1"]
[WhiteElo "1529"]
[BlackElo "1742"]
[PlyCount "120"]
[EventDate "2003.11.30"]
[EventType "swiss"]
[EventRounds "7"]
[EventCountry "GER"]
[SourceTitle "EXT 2006"]
[Source "ChessBase"]
[SourceDate "2005.11.24"]
[SourceVersion "1"]
[SourceVersionDate "2005.11.24"]
[SourceQuality "1"]

1. e4 d5 2. exd5 Qxd5 3. Nc3 Qa5 4. d4 Nf6 5. Bd2 c6 6. Bd3 Bg4 7. Nge2 Nbd7 8. f3 Bh5 9. 0-0 e6 10. Ne4 Qb6 11. Nxf6+ Nxf6 12. Kh1 Bd6 13. c4 Qc7 14. g3 Bg6 15. Bf4 0-0-0 16. Bxd6 Qxd6 17. Qb3 e5 18. Bxg6 hxg6 19. d5 cxd5 20. cxd5 Qxd5 21. Rac1+ Kb8 22. Qxd5 Rxd5 23. Rfd1 Rhd8 24. Nc3 Rxd1+ 25. Rxd1 Rxd1+ 26. Nxd1 Kc7 27. Kg1 Kd6 28. Kf2 Nd5 29. Ke2 g5 30. a3 f5 31. Kd3 Kc5 32. b4+ Kb5 33. Nb2 Nb6 34. Nd1 Ka4 35. Ne3 g6 36. Ng2 Kxa3 37. h4 Kxb4 38. hxg5 Nd7 39. Ne3 Nc5+ 40. Kc2 Ne6 41. Nd5+ Kc5 42. Ne7 Nxg5 43. f4 exf4 44. gxf4 Ne6 45. Nxg6 Kd4 46. Ne7 Ke4 47. Nc8 Kxf4 48. Nxa7 Kg3 49. Nb5 f4 50. Nc3 f3 51. Kd2 Kg2 52. Ne4 f2 53. Nxf2 Kxf2 54. Kc3 b5 55. Kd3 Ke1 56. Kc3 Kd1 57. Kb3 Kc1 58. Kc3 Kb1 59. Kb3 Nc7 60. Kc3 Ka2 0-1

[Event "Bayern-ch Seniors 15th"]
[Site "Schloss Schney"]
[Date "2003.06.13"]
[Round "1.24"]
[White "Kodalle, Alfred"]
[Black "Gerdes, Hans"]
[Result "0-1"]
[WhiteElo "1523"]
[BlackElo "1770"]
[PlyCount "90"]
[EventDate "2003.06.13"]
[EventType "swiss"]
[EventRounds "9"]
[EventCountry "GER"]
[SourceTitle "EXT 2004"]
[Source "ChessBase"]
[SourceDate "2003.11.25"]
[SourceVersion "1"]
[SourceVersionDate "2003.11.25"]
[SourceQuality "1"]

1. e4 e6 2. d4 d5 3. Nc3 c6 4. e5 f5 5. f4 Be7 6. Be2 Nh6 7. Nf3 Nf7 8. 0-0 a5 9. a4 0-0 10. b3 h6 11. Ba3 g5 12. fxg5 hxg5 13. g4 Bxa3 14. Rxa3 f4 15. h3 Na6 16. Bxa6 Rxa6 17. Ra1 Kg7 18. Kg2 Nh8 19. Qe1 Ng6 20. Rh1 Rh8 21. Na2 Bd7 22. b4 Nh4+ 23. Nxh4 Rxh4 24. Kf3 Qh8 25. Kg2 Qh7 26. Qe2 axb4 27. Nxb4 Ra8 28. Nd3 Rh8 29. Nf2 Kh6 30. Ra3 Be8 31. a5 Bg6 32. a6 bxa6 33. Rxa6 Rc8 34. Rha1 Rc7 35. Ra8 Be4+ 36. Nxe4 dxe4 37. Kh2 f3 38. Qf2 Kg7 39. Qg3 Rf7 40. R1a7 Qg6 41. Rxf7+ Qxf7 42. Ra1 e3 43. Kg1 Qf4 44. Qxf4 gxf4 45. Kh2 e2 0-1

[Event "Niederbayern-ch Seniors 44th"]
[Site "Untergriesbach"]
[Date "2003.??.??"]
[Round "1"]
[White "Kodalle, Alfred"]
[Black "Haletzki, Bernd"]
[Result "0-1"]
[WhiteElo "1470"]
[BlackElo "1904"]
[PlyCount "36"]
[EventDate "2003.04.16"]
[EventType "swiss"]
[EventRounds "7"]
[EventCountry "GER"]
[SourceTitle "EXT 2008"]
[Source "ChessBase"]
[SourceDate "2007.11.25"]
[SourceVersion "1"]
[SourceVersionDate "2007.11.25"]
[SourceQuality "1"]

1. e4 c5 2. Nf3 Nc6 3. d4 cxd4 4. Nxd4 Nf6 5. Nc3 e6 6. Be2 Bb4 7. 0-0 Bxc3 8. bxc3 Nxe4 9. Nxc6 bxc6 10. Qd3 d5 11. Ba3 Qf6 12. c4 Qc3 13. Qxc3 Nxc3 14. Bd3 Ba6 15. cxd5 Bxd3 16. cxd3 cxd5 17. Bc5 Kd7 18. Bd4 Ne2+ 0-1

[Event "Bad Griesbach Seniors op 5th"]
[Site "Bad Griesbach"]
[Date "2002.12.24"]
[Round "1"]
[White "Peleikis, Horst"]
[Black "Kodalle, Alfred"]
[Result "1/2-1/2"]
[WhiteElo "1979"]
[BlackElo "1517"]
[PlyCount "95"]
[EventDate "2002.11.24"]
[EventType "swiss"]
[EventRounds "7"]
[EventCountry "GER"]
[SourceTitle "EXT 2006"]
[Source "ChessBase"]
[SourceDate "2005.11.24"]
[SourceVersion "1"]
[SourceVersionDate "2005.11.24"]
[SourceQuality "1"]

1. e4 e5 2. Nf3 Nc6 3. Bb5 a6 4. Ba4 Nf6 5. Qe2 b5 6. Bb3 Be7 7. 0-0 0-0 8. a4 bxa4 9. Rxa4 a5 10. Nc3 d6 11. Nd5 Bd7 12. c3 Nxd5 13. exd5 Nb8 14. Ra1 Qc8 15. d3 Qb7 16. Ba2 Bg4 17. h3 Bh5 18. g4 Bg6 19. Bg5 f6 20. Bh4 Nd7 21. Rad1 Rae8 22. Kh2 Kh8 23. c4 Qb4 24. Bb1 Nc5 25. d4 Bxb1 26. Rxb1 Nb3 27. dxe5 fxe5 28. Bxe7 Rxe7 29. Rbd1 Rf4 30. Ng5 Qxc4 31. Qe3 Nc5 32. Qg3 Ne4 33. Qh4 Nxg5 34. Qxg5 Rff7 35. Rc1 Qf4+ 36. Qxf4 Rxf4 37. Rc2 Ref7 38. Kg2 g5 39. Ra1 a4 40. Ra3 Rd4 41. Rac3 Rxd5 42. Rxc7 Rxc7 43. Rxc7 Rd3 44. Rc4 a3 45. bxa3 Rxa3 46. Rc7 h6 47. Rd7 Rd3 48. f3 1/2-1/2